000 00617nam a22002177a 4500
003 UA-OsUOA
001 81422
007 ta
008 20120130b un ||||| |||| 00| 0 ukr d
100 _aРешетилова О.
090 _a908
_bР47
942 _cSA
040 _aUA-OsUOA
_brus
_cUA-OsUOA
_dUA-OsUOA
245 _aИгорь Пасечник: "Я на себе почувствовал пробелы в украинском законодательстве"
300 _aС.2
955 _a0
041 _arus
080 _a908
773 0 _w81421
650 7 _a908 Краєзнавство
_2UDC
999 _c367733
_d367733